000 01144nam a2200325 c 4500
003 BLK
005 20180420215852.0
008 180413b bul|||||r ||||||| ||bul||
010 _aKNG00026134000
040 _aBLK
041 _aBUL
_cBUL
080 _aИздания за деца и юноши. Книжки-картинки. Читанки. Вж и 372.4
_b087.5
_x
_z087.5
100 1 _aДженит, Сара
_eпърви автор
_960749
139 _aДженит, Сара
_bД 50
245 1 0 _aКрилата на проклятието
_bКнига-игра
_cСара Дженит.
257 _aBGR
260 София
_bПлеяда
_c1998
300 _a158 с.
_bс ил.
_c20 см
380 _aDN
500 _aСара Дженит е псевд. на бълг. авт.
650 4 _aКниги-игри
_9158798
653 _aкниги-игри
653 _aлитература за деца
653 _aдетска литература
852 _aЦб 199337
856 4 _qpdf
_u
856 4 _qpdf
_u
942 _cKNG
_n0
944 _aCR
_c15.01.2003
_lф /
_kЛюдмила_Стоянова
944 _aED
_c07.02.2014
_lф /
_k
999 _c23651
_d23651